[Event "K41 Aabent Mesterskab 2006-07"]
[Site "Valby"]
[Date "2007.02.13"]
[Round "8"]
[White "Nielsen, John Holm"]
[Black "Truelsen, Ole Illum"]
[Result "1-0"]
[WhiteElo "1971"]
[BlackElo "1786"]
[PlyCount "37"]
[EventDate "2006.??.??"]

1. Nc3 d5 2. e4 d4 3. Nce2 e5 4. Ng3 Bd6 5. Bc4 Ne7 6. Nf3 O-O 7. d3 Nbc6 8. a3
Kh8 9. Ng5 Qe8 10. Qh5 h6 11. Nxf7+ Kh7 12. Bxh6 g6 13. Ng5+ Kh8 14. Qh4 Rf4
15. Nf7+ Rxf7 16. Bg5+ Kg8 17. Bf6 Kf8 18. Qh6+ Kg8 19. Qg7# 1-0

[Event "K41 Aabent Mesterskab 2006-07"]
[Site "Valby"]
[Date "2007.02.13"]
[Round "8"]
[White "Olsen, Joe Flyckt"]
[Black "Sorensen, Hans Erik Then"]
[Result "1-0"]
[WhiteElo "1712"]
[BlackElo "1544"]
[PlyCount "67"]
[EventDate "2006.??.??"]

1. Nf3 d5 2. c4 c6 3. cxd5 cxd5 4. d4 Nf6 5. Nc3 e6 6. Bf4 Bd6 7. Ne5 Nc6 8. e3
a6 9. Qa4 Bd7 10. Nxf7 Kxf7 11. Bxd6 b5 12. Qb3 Qa5 13. Bd3 Ne8 14. Bc5 Qc7 15.
O-O Na5 16. Qd1 Nf6 17. Rc1 Nb7 18. Qf3 Nxc5 19. dxc5 Bc6 20. b4 g6 21. Qe2
Rhf8 22. a4 Ne4 23. Bxe4 dxe4 24. axb5 axb5 25. Nxb5 Qb8 26. Nd6+ Kg8 27. b5
Bd5 28. b6 Rd8 29. Qc2 Rxd6 30. cxd6 Qxd6 31. Qc7 Qf8 32. Rfd1 Qd8 33. Qxd8+
Rxd8 34. b7 1-0

[Event "K41 Aabent Mesterskab 2006-07"]
[Site "Valby"]
[Date "2007.02.13"]
[Round "8"]
[White "Ottosen, Peder"]
[Black "Akdag, Dara Sevkan"]
[Result "1-0"]
[WhiteElo "1983"]
[BlackElo "1910"]
[PlyCount "43"]
[EventDate "2006.??.??"]

1. d4 e6 2. c4 Nf6 3. Nc3 c5 4. e3 b6 5. Nf3 Bb7 6. Bd3 cxd4 7. exd4 d5 8. O-O
Be7 9. cxd5 exd5 10. Bb5+ Nfd7 11. Qb3 O-O 12. Nxd5 Bd6 13. Bg5 Nf6 14. Nxf6+
gxf6 15. Bh6 a6 16. Ne5 Be4 17. Bxf8 Qxf8 18. Nxf7 Bxh2+ 19. Kxh2 Kg7 20. Bc4
Bg6 21. Qg3 Ra7 22. Nd6 1-0

[Event "K41 Aabent Mesterskab 2006-07"]
[Site "Valby"]
[Date "2007.02.13"]
[Round "8"]
[White "Radil, Casper"]
[Black "Christensen, Esben"]
[Result "1/2-1/2"]
[WhiteElo "2104"]
[BlackElo "2002"]
[PlyCount "59"]
[EventDate "2006.??.??"]

1. e4 c5 2. c3 Nf6 3. e5 Nd5 4. d4 e6 5. Nf3 b6 6. Bc4 Bb7 7. O-O Qc7 8. Qe2 d6
9. Bb5+ Nd7 10. c4 Ne7 11. exd6 Qxd6 12. dxc5 Qxc5 13. b4 Qc7 14. Ne5 Nc6 15.
Nxd7 Qxd7 16. Rd1 Qc7 17. Bb2 Bd6 18. h4 O-O 19. a3 Rad8 20. Nc3 Be5 21. Bxc6
Qxc6 22. Nd5 exd5 23. Qxe5 f6 24. cxd5 Rxd5 25. Qxd5+ Qxd5 26. Rxd5 Bxd5 27.
Rc1 Rf7 28. Rc8+ Rf8 29. Rc7 Rf7 30. Rc8+ 1/2-1/2

[Event "K41 Aabent Mesterskab 2006-07"]
[Site "Valby"]
[Date "2007.02.13"]
[Round "8"]
[White "Ringsborg, Allan"]
[Black "Lichtenberg, Ivan"]
[Result "1-0"]
[WhiteElo "1591"]
[BlackElo "1258"]
[PlyCount "35"]
[EventDate "2006.??.??"]

1. b4 e5 2. Bb2 d6 3. c4 Be7 4. g3 Be6 5. Bg2 c6 6. d3 Qc7 7. Nd2 Nf6 8. Ngf3
O-O 9. O-O Nbd7 10. Qc2 Rac8 11. a4 d5 12. b5 dxc4 13. bxc6 cxd3 14. Qxd3 e4
15. Nxe4 Nxe4 16. cxd7 Nc5 17. dxc8=Q Rxc8 18. Qe3 1-0

[Event "K41 Aabent Mesterskab 2006-07"]
[Site "Valby"]
[Date "2007.02.13"]
[Round "8"]
[White "Roder, Peter Ulrik"]
[Black "Hagen, Andreas Skytte"]
[Result "0-1"]
[WhiteElo "2029"]
[BlackElo "2259"]
[PlyCount "46"]
[EventDate "2006.??.??"]

1. e4 e6 2. Qe2 c5 3. Nf3 Nc6 4. g3 g6 5. Bg2 Bg7 6. d3 Nge7 7. c3 d6 8. O-O
O-O 9. Na3 Rb8 10. Nc2 b5 11. d4 cxd4 12. Ncxd4 b4 13. Be3 bxc3 14. bxc3 Qa5
15. Rfc1 Ba6 16. Qd2 Qa3 17. Bh6 Rb2 18. Qg5 Rfb8 19. Bxg7 Kxg7 20. h4 h6 21.
Qe3 e5 22. Nc2 Qa4 23. Nb4 Re2 0-1

[Event "K41 Aabent Mesterskab 2006-07"]
[Site "Valby"]
[Date "2007.02.20"]
[Round "9"]
[White "Akdag, Dara Sevkan"]
[Black "Hjortkjaer, Rolf"]
[Result "1/2-1/2"]
[WhiteElo "1910"]
[BlackElo "1754"]
[PlyCount "105"]
[EventDate "2006.??.??"]

1. d4 d5 2. c4 c6 3. Nc3 e6 4. e4 dxe4 5. Nxe4 Nf6 6. Nxf6+ Qxf6 7. Nf3 h6 8.
Bd3 b6 9. O-O Bb7 10. Qb3 Be7 11. Be3 Nd7 12. Rfe1 O-O 13. Bc2 Rfd8 14. Rad1
Bf8 15. h3 c5 16. Nh2 g6 17. Ng4 Qh8 18. a3 h5 19. Nh2 cxd4 20. Bxd4 Bg7 21.
Qe3 Bxd4 22. Rxd4 Qf6 23. b4 Nf8 24. Red1 Rxd4 25. Qxd4 Kg7 26. Nf1 Qxd4 27.
Rxd4 Rc8 28. Ne3 Rc7 29. Kf1 Rd7 30. Rxd7 Nxd7 31. Ke2 Kf6 32. Kd2 Ke5 33. Ba4
Kd6 34. Kc3 Bc6 35. Bb3 f6 36. Bc2 g5 37. Bd1 h4 38. Kd4 Bb7 39. f3 Bc6 40. c5+
bxc5+ 41. bxc5+ Kc7 42. Bb3 Nf8 43. Bc2 e5+ 44. Kc4 Ne6 45. Bf5 Nf4 46. Be4 Kb7
47. a4 Kc7 48. a5 Kd7 49. a6 Kc7 50. Bxc6 Kxc6 51. Nc2 Nxg2 52. Nb4+ Kd7 53.
Nd5 1/2-1/2

[Event "K41 Aabent Mesterskab 2006-07"]
[Site "Valby"]
[Date "2007.02.20"]
[Round "9"]
[White "Andersen, Niels Erik"]
[Black "Radil, Casper"]
[Result "1/2-1/2"]
[WhiteElo "1860"]
[BlackElo "2104"]
[PlyCount "60"]
[EventDate "2006.??.??"]

1. d4 d5 2. c4 e6 3. Nc3 Nf6 4. Bg5 Nbd7 5. e3 c6 6. cxd5 exd5 7. Bd3 Be7 8.
Nf3 O-O 9. O-O Ne4 10. Bxe7 Qxe7 11. Qc2 Re8 12. b4 Ndf6 13. Rab1 b6 14. Ne5
Bb7 15. Nxe4 dxe4 16. Bc4 Nd5 17. Qb3 Qd6 18. b5 cxb5 19. Bxb5 Rec8 20. Rfc1 f6
21. Nc4 Qc7 22. Rc2 a6 23. Na3 Qd6 24. Bf1 Rxc2 25. Nxc2 Rc8 26. a3 Rc3 27. Qb2
Qc7 28. Nb4 b5 29. a4 Qa5 30. Nxd5 Bxd5 1/2-1/2

[Event "K41 Aabent Mesterskab 2006-07"]
[Site "Valby"]
[Date "2007.02.20"]
[Round "9"]
[White "Christensen, Esben"]
[Black "Nielsen, John Holm"]
[Result "1/2-1/2"]
[WhiteElo "2002"]
[BlackElo "1971"]
[PlyCount "89"]
[EventDate "2006.??.??"]

1. e4 e5 2. Nf3 Nc6 3. Bc4 Bc5 4. c3 Nf6 5. d3 O-O 6. O-O d6 7. Bb3 h6 8. Nbd2
Bg4 9. Re1 Qd7 10. Nf1 Rad8 11. h3 Be6 12. Bc2 Bb6 13. Be3 Rfe8 14. Ng3 Bxe3
15. Rxe3 d5 16. d4 exd4 17. Nxd4 dxe4 18. Nxe4 Nxe4 19. Rxe4 Bd5 20. Rf4 Qd6
21. Rg4 Ne5 22. Rxg7+ Kxg7 23. Nf5+ Kf8 24. Nxd6 Rxd6 25. Qh5 Nc4 26. Rd1 Re5
27. Qg4 Rg5 28. Qc8+ Kg7 29. Qxc7 Rxg2+ 30. Kf1 Rf6 31. Qc5 Rgxf2+ 32. Ke1 Rf1+
33. Ke2 Bf3+ 34. Kxf1 Bxd1+ 35. Ke1 Bxc2 36. Qxc4 Re6+ 37. Kd2 Be4 38. Qd4+ Kg6
39. Qxa7 f5 40. Qb8 Kf7 41. c4 Re8 42. Qf4 Rd8+ 43. Ke2 Kg6 44. a3 Rd3 45. h4
1/2-1/2

[Event "K41 Aabent Mesterskab 2006-07"]
[Site "Valby"]
[Date "2007.02.20"]
[Round "9"]
[White "Edholm, Tommy"]
[Black "Krull, Carl"]
[Result "0-1"]
[WhiteElo "1138"]
[BlackElo "1375"]
[PlyCount "72"]
[EventDate "2006.??.??"]

1. e4 e5 2. Nf3 Nc6 3. Bb5 a6 4. Ba4 Bc5 5. O-O d6 6. c3 b5 7. Bb3 Nf6 8. d4
exd4 9. cxd4 Bb6 10. Bg5 h6 11. Bh4 g5 12. Bg3 Bg4 13. Nc3 Nxd4 14. Nd5 Bc5 15.
Re1 Bxf3 16. gxf3 c6 17. Ne3 Nd7 18. Nf5 Nxb3 19. axb3 Ne5 20. f4 gxf4 21. Bxf4
Rg8+ 22. Kf1 Qf6 23. Bxe5 Qxe5 24. Qc2 Qxh2 25. Ke2 Qxf2+ 26. Kd1 Qxc2+ 27.
Kxc2 h5 28. Rad1 Kd7 29. Kc3 a5 30. Ra1 Bb4+ 31. Kd3 Bxe1 32. Rxe1 Rg2 33. Rb1
Rag8 34. Kc3 Rh2 35. Ra1 Rh3+ 36. Kd2 Rg2+ 0-1

[Event "K41 Aabent Mesterskab 2006-07"]
[Site "Valby"]
[Date "2007.02.20"]
[Round "9"]
[White "Eriksson, Christian Altenburg"]
[Black "Ottosen, Peder"]
[Result "1-0"]
[WhiteElo "1985"]
[BlackElo "1983"]
[PlyCount "43"]
[EventDate "2006.??.??"]

1. e4 c5 2. c3 Nf6 3. e5 Nd5 4. d4 cxd4 5. Nf3 e6 6. Bc4 Nb6 7. Bb3 dxc3 8.
Nxc3 d5 9. exd6 Bxd6 10. O-O O-O 11. a4 Nc6 12. a5 Nd5 13. Nxd5 exd5 14. Bxd5
Nxa5 15. Ng5 Bg4 16. Qxg4 Bxh2+ 17. Kxh2 Qxd5 18. Rd1 Qb5 19. Qe4 Rfe8 20.
Qxh7+ Kf8 21. Bf4 Nc4 22. Re1 1-0

[Event "K41 Aabent Mesterskab 2006-07"]
[Site "Valby"]
[Date "2007.02.20"]
[Round "9"]
[White "Frederiksen, Alan"]
[Black "Abildgaard, Kenneth"]
[Result "1/2-1/2"]
[WhiteElo "1638"]
[BlackElo "1470"]
[PlyCount "140"]
[EventDate "2006.??.??"]

1. d4 Nf6 2. Bg5 d5 3. e3 Bf5 4. c4 Nbd7 5. Nc3 h6 6. Bh4 c6 7. Nf3 e6 8. Be2
Be7 9. O-O O-O 10. Rc1 Rc8 11. Bg3 Nh5 12. Be5 Nxe5 13. dxe5 g5 14. Nd4 Ng7 15.
Nxf5 Nxf5 16. e4 dxe4 17. Nxe4 Qxd1 18. Rfxd1 Rcd8 19. Rxd8 Rxd8 20. Rd1 Nd4
21. Bg4 Kg7 22. Bh5 c5 23. Kf1 b6 24. Rd2 Nc6 25. Rxd8 Bxd8 26. b3 Nxe5 27. Be2
Nc6 28. f3 a5 29. a4 Bc7 30. h3 Nd4 31. Bd1 f5 32. Nc3 Kg6 33. Kf2 h5 34. Kf1
Bd8 35. Ne2 Nc6 36. Nc1 Kf6 37. Kf2 e5 38. Ne2 Ne7 39. Nc3 Ng8 40. Nd5+ Ke6 41.
Ke3 Nh6 42. g4 h4 43. Bc2 fxg4 44. fxg4 Nf7 45. Bf5+ Kd6 46. Be4 Bc7 47. Nc3
Ke7 48. Nd5+ Kd8 49. Bf3 Nd6 50. Bd1 Nc8 51. Bc2 Nd6 52. Kf3 Ne8 53. Ke4 Nd6+
54. Kf3 Kd7 55. Nf6+ Ke6 56. Nd5 Bd8 57. Ke3 Kf7 58. Kf3 Nc8 59. Bf5 Na7 60.
Bc2 Nc6 61. Bd1 Ke6 62. Ke4 Kd6 63. Ke3 Nd4 64. Nc3 Ne6 65. Nd5 Nd4 66. Nc3 Ke7
67. Nd5+ Ke6 68. Nc3 Kf6 69. Nd5+ Kf7 70. Ke4 Nc6 1/2-1/2

[Event "K41 Aabent Mesterskab 2006-07"]
[Site "Valby"]
[Date "2007.02.20"]
[Round "9"]
[White "Hagen, Andreas Skytte"]
[Black "Laursen, Niels Norskov"]
[Result "1/2-1/2"]
[WhiteElo "2259"]
[BlackElo "2100"]
[PlyCount "118"]
[EventDate "2006.??.??"]

1. Nf3 c5 2. c4 Nf6 3. Nc3 b6 4. g3 Bb7 5. Bg2 e6 6. O-O Be7 7. Re1 O-O 8. e4
d6 9. d4 cxd4 10. Nxd4 Qc7 11. Ndb5 Qc6 12. Be3 a6 13. Nd4 Qc7 14. Rc1 Re8 15.
b3 Bf8 16. g4 Nfd7 17. g5 Nc6 18. Nd5 Qd8 19. Nxc6 Bxc6 20. Nb4 Bb7 21. Nd3 Rc8
22. Qd2 Qc7 23. Red1 Qb8 24. Bd4 Qa8 25. f3 Qb8 26. Qf2 b5 27. Nb2 bxc4 28.
Nxc4 d5 29. exd5 Bxd5 30. f4 Bxg2 31. Kxg2 Red8 32. Be5 Nxe5 33. fxe5 Rd5 34.
Rf1 Qb7 35. Qf3 Rc7 36. h4 Qb4 37. Rc3 Qc5 38. Rd3 Rcd7 39. Rfd1 Rd4 40. Rxd4
Rxd4 41. Rxd4 Qxd4 42. Nd6 Bxd6 43. exd6 f5 44. gxf6 gxf6 45. Qa8+ Kf7 46. Qb7+
Kg6 47. Qxa6 e5 48. h5+ Kg5 49. Qb7 Qxd6 50. Qxh7 Qd2+ 51. Kf3 Qd1+ 52. Ke3
Qe1+ 53. Kf3 Qd1+ 54. Kf2 Qd2+ 55. Kf3 Qd1+ 56. Kg3 Qe1+ 57. Kf3 Qd1+ 58. Kg3
Qe1+ 59. Kf3 Qd1+ 1/2-1/2

[Event "K41 Aabent Mesterskab 2006-07"]
[Site "Valby"]
[Date "2007.02.20"]
[Round "9"]
[White "Hou, Mads"]
[Black "Jorgensen, Orla Eilegaard"]
[Result "0-1"]
[WhiteElo "1537"]
[BlackElo "1459"]
[PlyCount "56"]
[EventDate "2006.??.??"]

1. e4 d6 2. d4 Nf6 3. Nc3 g6 4. Bd3 Bg7 5. Nge2 Nbd7 6. f4 c5 7. d5 Nb6 8. b3
a6 9. a4 Bg4 10. Bb2 Rc8 11. Nb1 c4 12. bxc4 Nxc4 13. Bxc4 Rxc4 14. Nd2 Bxe2
15. Qxe2 Rxc2 16. Bxf6 Bxf6 17. e5 dxe5 18. Qd3 Qc7 19. O-O e4 20. Nxe4 Bxa1
21. Rxa1 Rc1+ 22. Rxc1 Qxc1+ 23. Kf2 Qxf4+ 24. Ke2 O-O 25. g3 Qe5 26. Kf3 Rd8
27. d6 exd6 28. h4 Qf5+ 0-1

[Event "K41 Aabent Mesterskab 2006-07"]
[Site "Valby"]
[Date "2007.02.20"]
[Round "9"]
[White "Jorgensen, Kasper Moller"]
[Black "Olsen, Joe Flyckt"]
[Result "1-0"]
[WhiteElo "1930"]
[BlackElo "1712"]
[PlyCount "57"]
[EventDate "2006.??.??"]

1. e4 c5 2. Nf3 Nc6 3. d4 cxd4 4. Nxd4 Nf6 5. Nc3 a6 6. a4 e5 7. Nb3 Bb4 8. Bc4
Nxe4 9. Bxf7+ Kxf7 10. Qd5+ Ke8 11. Qxe4 d5 12. Qf3 d4 13. Qg3 Qf6 14. Bg5 Qg6
15. O-O-O dxc3 16. Qe3 Bf5 17. Nd4 Nxd4 18. Rxd4 cxb2+ 19. Kxb2 Be7 20. Bxe7
exd4 21. Qa3 Qc6 22. Bc5 Qe4 23. Rc1 Rc8 24. Qb4 d3 25. Re1 d2 26. Rxe4+ Bxe4
27. Qxe4+ Kd7 28. Qd5+ Ke8 29. Qe6+ 1-0

[Event "K41 Aabent Mesterskab 2006-07"]
[Site "Valby"]
[Date "2007.02.20"]
[Round "9"]
[White "Lichtenberg, Ivan"]
[Black "Eiholt, Bjarne"]
[Result "1-0"]
[WhiteElo "1258"]
[BlackElo "1444"]
[PlyCount "73"]
[EventDate "2006.??.??"]

1. e4 e5 2. Nf3 f5 3. Nxe5 Nc6 4. Qh5+ g6 5. Nxg6 Nf6 6. Qh4 Rg8 7. Nxf8 Rxf8
8. exf5 Qe7+ 9. Be2 d5 10. d4 Bxf5 11. c3 O-O-O 12. Be3 Qg7 13. O-O Rg8 14. Bf3
Be4 15. Qh3+ Kb8 16. Bxe4 Nxe4 17. Nd2 Rde8 18. Nxe4 Rxe4 19. Rae1 Rg4 20. g3
h5 21. f3 Rg6 22. Bf4 h4 23. Qxh4 Rh8 24. g4 Nd8 25. Qg3 Ne6 26. Be5 Qg8 27.
Bxh8 Qxh8 28. Qe5 Qg8 29. h3 Qd8 30. f4 Qh4 31. Re3 a6 32. f5 Rg5 33. Qxe6
Rxg4+ 34. hxg4 Qxg4+ 35. Kf2 Qh4+ 36. Ke2 Qg4+ 37. Kd3 1-0

[Event "K41 Aabent Mesterskab 2006-07"]
[Site "Valby"]
[Date "2007.02.20"]
[Round "9"]
[White "Mikkelsen, Nikolaj"]
[Black "Madsen, Poul Henrik"]
[Result "1-0"]
[WhiteElo "2281"]
[BlackElo "2095"]
[PlyCount "49"]
[EventDate "2006.??.??"]

1. e4 e5 2. Nf3 d6 3. d4 exd4 4. Nxd4 Nc6 5. Nc3 Be7 6. Be3 Nf6 7. f3 O-O 8.
Qd2 a5 9. O-O-O Nxd4 10. Bxd4 c6 11. Qf2 b5 12. e5 dxe5 13. Bxe5 Nd7 14. Qg3 f6
15. Bc7 Qe8 16. a4 Bb4 17. f4 Ra7 18. Bd6 Bxd6 19. Rxd6 b4 20. Bc4+ Kh8 21. Re1
Qh5 22. Re7 g6 23. Ne4 Nc5 24. Nxf6 Rxf6 25. Rd8+ 1-0

[Event "K41 Aabent Mesterskab 2006-07"]
[Site "Valby"]
[Date "2007.02.20"]
[Round "9"]
[White "Moller, Arne Vagn"]
[Black "Kristensen, Sascha"]
[Result "1-0"]
[WhiteElo "1782"]
[BlackElo "1345"]
[PlyCount "49"]
[EventDate "2006.??.??"]

1. e4 Nf6 2. e5 Nd5 3. d4 d6 4. Nf3 Bg4 5. Be2 Nc6 6. O-O e6 7. c4 Nb6 8. exd6
cxd6 9. d5 Ne7 10. dxe6 fxe6 11. Nc3 g6 12. Ne4 Nf5 13. Neg5 Qd7 14. Ne4 Bg7
15. Rb1 O-O-O 16. b3 h5 17. a4 Kb8 18. a5 Nc8 19. b4 d5 20. Bf4+ Ka8 21. Nc5
Qe7 22. Qa4 e5 23. a6 bxa6 24. Qc6+ Kb8 25. Nxa6# 1-0

[Event "K41 Aabent Mesterskab 2006-07"]
[Site "Valby"]
[Date "2007.02.20"]
[Round "9"]
[White "Naes, Flovin Tor"]
[Black "Brondum, Eric"]
[Result "1/2-1/2"]
[WhiteElo "2227"]
[BlackElo "2100"]
[PlyCount "28"]
[EventDate "2006.??.??"]

1. c4 Nf6 2. g3 e6 3. Bg2 d5 4. Nf3 Nc6 5. O-O Be7 6. b3 O-O 7. Bb2 d4 8. d3 e5
9. e4 a5 10. a3 Nd7 11. Ne1 Nc5 12. f4 f5 13. Nd2 Ra6 14. Qe2 Rb6 1/2-1/2

[Event "K41 Aabent Mesterskab 2006-07"]
[Site "Valby"]
[Date "2007.02.20"]
[Round "9"]
[White "Nielsen, Kai Gylling"]
[Black "Ringsborg, Allan"]
[Result "1-0"]
[WhiteElo "1672"]
[BlackElo "1591"]
[PlyCount "87"]
[EventDate "2006.??.??"]

1. d4 f5 2. Nf3 Nf6 3. c4 e6 4. Nc3 d6 5. g3 c6 6. Bg2 Be7 7. O-O O-O 8. a3 a5
9. Re1 Nbd7 10. b3 e5 11. d5 c5 12. Ng5 Nb6 13. e4 Ne8 14. Nf3 Bd7 15. a4 Bf6
16. Bd2 Nc7 17. Qc1 Nc8 18. Ng5 Ne7 19. Nb5 Nxb5 20. axb5 Bxg5 21. Bxg5 b6 22.
f4 fxe4 23. fxe5 Bf5 24. Bxe4 Qd7 25. e6 Qe8 26. Qc2 Ra7 27. Rf1 Bh3 28. Rxf8+
Qxf8 29. Bxh7+ Kh8 30. Be4 Qe8 31. Re1 Qh5 32. Bf4 Nc8 33. Qf2 Kg8 34. Bg2 Bxg2
35. Kxg2 a4 36. Ra1 Qg6 37. Qe2 a3 38. Bc1 a2 39. Rxa2 Rxa2 40. Qxa2 Qe4+ 41.
Kf2 Ne7 42. Qe2 Qf5+ 43. Kg2 Kh7 44. Bf4 1-0

[Event "K41 Aabent Mesterskab 2006-07"]
[Site "Valby"]
[Date "2007.02.20"]
[Round "9"]
[White "Nielsen, Soren Skovso"]
[Black "Krogh, Soren"]
[Result "1-0"]
[WhiteElo "1593"]
[BlackElo "1183"]
[PlyCount "83"]
[EventDate "2006.??.??"]

1. e4 c6 2. Nf3 d5 3. exd5 cxd5 4. d4 Bf5 5. Bb5+ Nc6 6. O-O e6 7. Nbd2 Be7 8.
Ne5 Qb6 9. c4 Nf6 10. Bxc6+ bxc6 11. c5 Qc7 12. Qa4 Rc8 13. Nb3 O-O 14. Bd2 Bc2
15. Ba5 Qb7 16. Rfc1 Bxb3 17. axb3 Rfe8 18. Bc3 Rc7 19. b4 Ne4 20. Qd1 Bf6 21.
Be1 Bxe5 22. dxe5 f5 23. Qh5 g6 24. Qh6 Qb5 25. f3 Qe2 26. fxe4 Qxb2 27. exf5
gxf5 28. Rab1 Qxe5 29. Bg3 Qd4+ 30. Kh1 e5 31. Qg5+ Rg7 32. Qxf5 e4 33. Qh5 Rf8
34. Be5 Qf2 35. Bxg7 Kxg7 36. Qe5+ Kg8 37. Qe6+ Kh8 38. Qxc6 e3 39. Qxd5 e2 40.
Qe5+ Kg8 41. Qg3+ Qxg3 42. hxg3 1-0

[Event "K41 Aabent Mesterskab 2006-07"]
[Site "Valby"]
[Date "2007.02.20"]
[Round "9"]
[White "Rasmussen, Morten(1956)"]
[Black "Tandrup, Michael"]
[Result "1/2-1/2"]
[WhiteElo "1742"]
[BlackElo "1866"]
[PlyCount "126"]
[EventDate "2006.??.??"]

1. d4 d5 2. Nf3 Nf6 3. e3 c6 4. Bd3 g6 5. Nbd2 Bg7 6. O-O O-O 7. c3 Nbd7 8. Re1
Qc7 9. e4 dxe4 10. Nxe4 Nxe4 11. Bxe4 e5 12. dxe5 Nxe5 13. Nxe5 Bxe5 14. h3 Rd8
15. Qc2 Be6 16. Bg5 f6 17. f4 fxg5 18. fxe5 Kg7 19. Qc1 Qe7 20. Qe3 g4 21. hxg4
Bxg4 22. Bf3 Bxf3 23. gxf3 Qh4 24. Rad1 Qg3+ 25. Kf1 Rf8 26. Rd3 Rae8 27. Qf2
Qh3+ 28. Qg2 Qe6 29. b3 Rf5 30. Qg3 Ref8 31. Re4 Rh5 32. Kg2 Qf5 33. Rde3 Rg5
34. Rg4 Qc2+ 35. Kh3 Rh5+ 36. Rh4 Rff5 37. Ree4 Rxh4+ 38. Rxh4 Qe2 39. f4 Qf1+
40. Kh2 Qe2+ 41. Kh3 h5 42. a4 Kh6 43. Qg2 Qe3+ 44. Qg3 Qd2 45. c4 g5 46. fxg5+
Rxg5 47. Qf3 Qd7+ 48. Kh2 Qe6 49. Re4 Rg4 50. Re3 Rg7 51. Qf4+ Kh7 52. Qe4+ Qg6
53. Qf3 Qg1+ 54. Kh3 Qg4+ 55. Qxg4 hxg4+ 56. Kg3 Kg8 57. Re4 Kf7 58. Rxg4 Rh7
59. Kf4 Rh3 60. Rg3 Rh7 61. Ke4 Ke7 62. Kd4 b6 63. Re3 Ke6 1/2-1/2

[Event "K41 Aabent Mesterskab 2006-07"]
[Site "Valby"]
[Date "2007.02.20"]
[Round "9"]
[White "Sorensen, Hans Erik Then"]
[Black "Kristensen, Steffen Michael"]
[Result "1-0"]
[WhiteElo "1544"]
[BlackElo "1275"]
[PlyCount "31"]
[EventDate "2006.??.??"]

1. d4 d5 2. Nf3 Nc6 3. c4 e6 4. Nc3 Bb4 5. a3 Bxc3+ 6. bxc3 dxc4 7. Qa4 Nge7 8.
e4 Bd7 9. Qxc4 O-O 10. Bd3 Na5 11. Qa2 Ba4 12. Rb1 Qd6 13. Bb5 Bxb5 14. Rxb5 b6
15. Rh5 f5 16. Ng5 1-0

[Event "K41 Aabent Mesterskab 2006-07"]
[Site "Valby"]
[Date "2007.02.20"]
[Round "9"]
[White "Taylor, Ralph"]
[Black "Nielsen, Jens Holm"]
[Result "0-1"]
[WhiteElo "1876"]
[BlackElo "1780"]
[PlyCount "118"]
[EventDate "2006.??.??"]

1. e4 Nc6 2. Nf3 d5 3. exd5 Qxd5 4. Nc3 Qd6 5. g3 Bg4 6. Be2 O-O-O 7. h3 Bf5 8.
d3 e5 9. Be3 Nd4 10. Bf1 Ne7 11. Bg2 Nec6 12. O-O Kb8 13. a4 Qd7 14. Kh2 f6 15.
Rb1 g5 16. Bxd4 exd4 17. Ne4 Bxe4 18. dxe4 h5 19. Qd2 Bd6 20. Kh1 g4 21. Nh4
gxh3 22. Bf3 Ne5 23. Qd1 Ng4 24. Qxd4 Qc6 25. Rbd1 Be7 26. Qc3 Rxd1 27. Bxd1
Qxc3 28. bxc3 Bc5 29. Bxg4 hxg4 30. f3 gxf3 31. Rxf3 Bd6 32. Ng6 Re8 33. Re3
Kc8 34. Kh2 Bc5 35. Re2 Rg8 36. Nf4 Re8 37. Kxh3 Re5 38. Kg4 Rg5+ 39. Kf3 Bd6
40. Rh2 Rc5 41. Rh8+ Kd7 42. Rh7+ Kc6 43. Nd5 f5 44. Nb4+ Kb6 45. exf5 Rxf5+
46. Kg4 Ra5 47. Rh6 Rxa4 48. Rg6 a5 49. Kf5 axb4 50. cxb4 Rxb4 51. g4 Rc4 52.
Re6 Rxc2 53. g5 Rf2+ 54. Kg6 Kc5 55. Kh7 Kd5 56. Re8 Rh2+ 57. Kg6 b5 58. Kf7
Rf2+ 59. Kg6 Be5 0-1

[Event "K41 Aabent Mesterskab 2006-07"]
[Site "Valby"]
[Date "2007.02.20"]
[Round "9"]
[White "Truelsen, Ole Illum"]
[Black "Ibsen, Johan"]
[Result "1/2-1/2"]
[WhiteElo "1786"]
[BlackElo "1705"]
[PlyCount "32"]
[EventDate "2006.??.??"]

1. c4 e6 2. Nf3 f5 3. Nc3 Nf6 4. d3 Nc6 5. e4 fxe4 6. dxe4 e5 7. a3 Be7 8. Be2
O-O 9. O-O d6 10. h3 Bd7 11. Be3 Kh8 12. b4 Qe8 13. Qc2 Qg6 14. Nh4 Qf7 15. Nf3
Qg6 16. Nh4 Qf7 1/2-1/2